The Smiths Songs - Sudden Death - Statistics

General Stats
  • This quiz has been taken 327 times
    216 since last reset
  • The average score is 8 of 15
Answers on the Grid
Answers color-coded by a green-red scale on the quiz's grid according to % correct below.
Meat Is Murder
Boys Don't Cry
Pretty Girls Make Graves
Louder Than Bombs
Girl Afraid
Ask
Everybody Wants To Rule The World
Well I Wonder
Everything In Its Right Place
Strangeways, Here We Come
Handsome Devil
Rubber Ring
There Is a Light That Never Goes Out
There's Nothing Left to Show
Panic
Birmingham
You Don't Have To Tell Me Twice
Back At The Cemetery
I Know It's Over
The Bends
London
Here's Where The Story Ends
Asleep
Kiss Me
This Charming Man
How Soon Is Now?
Where Is My Mind?
Hatful of Hollow
Still Ill
The World Won't Listen
 
Answer Stats
Answer % Correct
Meat Is Murder
81%
Pretty Girls Make Graves
72%
Ask
61%
How Soon Is Now?
61%
There Is a Light That Never Goes Out
57%
This Charming Man
55%
Asleep
54%
Girl Afraid
54%
I Know It's Over
54%
Handsome Devil
50%
Well I Wonder
50%
Still Ill
49%
Panic
46%
Rubber Ring
34%
London
32%
No matching quizzes found
Score Distribution
Percent of People with Each Score
Percentile by Number Answered
Your Score History
You have not taken this quiz since the last reset